| 000 | 00518nam a2200205Ia 4500 | ||
|---|---|---|---|
| 003 | OSt | ||
| 005 | 20220517161925.0 | ||
| 008 | 210210b1978 xxu||||| |||| 00| 0 eng d | ||
| 040 |
_aAL _c |
||
| 041 | _aeng | ||
| 082 | _a230 CALL | ||
| 100 |
_aCALLED TO BE FREE _937690 |
||
| 245 | _aCalled to be free Book 1 | ||
| 260 |
_aBangalore _bNational Catechetical & Liturgical Centre _c1978 |
||
| 300 | _a200 | ||
| 650 |
_aValue Education _937691 |
||
| 690 |
_aChristianity _937692 |
||
| 906 | _a035758 | ||
| 942 |
_2ddc _cBK |
||
| 999 |
_c86044 _d86044 |
||